Amazing Grace / (Record no. 113355)
[ view plain ]
| 000 -LEADER | |
|---|---|
| fixed length control field | 00686nam a2200205 a 4500 |
| 001 - CONTROL NUMBER | |
| control field | 0058 |
| 005 - DATE AND TIME OF LATEST TRANSACTION | |
| control field | 20140414132015.0 |
| 008 - FIXED-LENGTH DATA ELEMENTS--GENERAL INFORMATION | |
| fixed length control field | 040201s19uu xx 00 eng d |
| 020 ## - INTERNATIONAL STANDARD BOOK NUMBER | |
| International Standard Book Number | 0-8037-1040-2 |
| 050 ## - LIBRARY OF CONGRESS CALL NUMBER | |
| Classification number | TR |
| Item number | AM1 1991 |
| 100 ## - MAIN ENTRY--PERSONAL NAME | |
| Personal name | Hoffman, Mary |
| 245 ## - TITLE STATEMENT | |
| Title | Amazing Grace / |
| Statement of responsibility, etc | Mary Hoffman. |
| 260 ## - PUBLICATION, DISTRIBUTION, ETC. (IMPRINT) | |
| Place of publication, distribution, etc | New York : |
| Name of publisher, distributor, etc | Dial Books, |
| Date of publication, distribution, etc | 1991. |
| 300 ## - PHYSICAL DESCRIPTION | |
| Extent | p. ; cm. |
| 520 ## - SUMMARY, ETC. | |
| Summary, etc | Although classmates say that they cannot play peter pan in the school play because she is black and a girl, grace discovers that she can do anything she sets her mind to do. |
| 650 ## - SUBJECT ADDED ENTRY--TOPICAL TERM | |
| Topical term or geographic name as entry element | Afro-Americans |
| General subdivision | Fiction. |
| 650 ## - SUBJECT ADDED ENTRY--TOPICAL TERM | |
| Topical term or geographic name as entry element | Identity |
| General subdivision | Fiction. |
| 650 ## - SUBJECT ADDED ENTRY--TOPICAL TERM | |
| Topical term or geographic name as entry element | Theater |
| General subdivision | Fiction. |
| Withdrawn status | Lost status | Damaged status | Use restrictions | Home library | Current library | Shelving location | Date acquired | Source of acquisition | Total Checkouts | Full call number | Barcode | Date last seen | Price effective from | Koha item type |
|---|---|---|---|---|---|---|---|---|---|---|---|---|---|---|
| Munich Library | Munich Library | Teachers Reference Section | 02/01/2004 | TR AM1 1991 | M4910 | 04/14/2014 | 04/14/2014 | Books |